00909nam a22001097a 4500008004100000100001800041245003400059260002200093300003000115520063200145773002200777260526b ||||| |||| 00| 0 eng d aSaghar, Amol  aHistory of a dramatic tribal  aThe Book Review  a49(1), Jan, 2025: p.10-12 aIn 1966, AG Noorani in his important work. The trail of Bhagat Singh politics of justices provided detailed insights into the trial of Bhagat Singh. Rajguru and Sukhdev, albeit form algal perspective. That Singh and his two comrades were victims of a travesty of justice that amounted to nothing short of judicial murder, was one of the core arguments of Norani’s murder, was one of the core arguments of Noorani’s book. Following this study, a range of works focusing on the activities of Bhagat Singh and by extension, the Hindustan socialist republication association (HSRA), came out in quick succession. –Reproduced  aThe Book Review